<?xml version="1.0" encoding="UTF-8"?>
<record
    xmlns:xsi="http://www.w3.org/2001/XMLSchema-instance"
    xsi:schemaLocation="http://www.loc.gov/MARC21/slim http://www.loc.gov/standards/marcxml/schema/MARC21slim.xsd"
    xmlns="http://www.loc.gov/MARC21/slim">

  <leader>01283cam a22003253a 4500</leader>
  <controlfield tag="001">0000679</controlfield>
  <controlfield tag="003">DO-SdBNP</controlfield>
  <controlfield tag="005">20230515114749.0</controlfield>
  <controlfield tag="007">0000679</controlfield>
  <controlfield tag="008">861112 2006  mx  c 000 0 spa d</controlfield>
  <datafield tag="010" ind1=" " ind2=" ">
    <subfield code="a"> </subfield>
  </datafield>
  <datafield tag="020" ind1=" " ind2=" ">
    <subfield code="a">9789587042443</subfield>
  </datafield>
  <datafield tag="040" ind1=" " ind2=" ">
    <subfield code="a">BPMSU</subfield>
    <subfield code="c">spa</subfield>
    <subfield code="d">BPMSU</subfield>
    <subfield code="d"> </subfield>
  </datafield>
  <datafield tag="082" ind1=" " ind2="4">
    <subfield code="a">305.23 </subfield>
    <subfield code="b">B462m 2006</subfield>
    <subfield code="2">22</subfield>
  </datafield>
  <datafield tag="100" ind1="1" ind2=" ">
    <subfield code="a">Benedetti, Mario</subfield>
    <subfield code="d">1920-2009</subfield>
    <subfield code="9">42</subfield>
  </datafield>
  <datafield tag="245" ind1="1" ind2="0">
    <subfield code="a">Memoria y esperanza </subfield>
    <subfield code="b">un mensaje a los j&#xF3;venes /</subfield>
    <subfield code="c">Mario Benedetti ; fotograf&#xED;as Larry Towell...[et al].</subfield>
  </datafield>
  <datafield tag="250" ind1=" " ind2=" ">
    <subfield code="a">8a. reimpr. de agosto 2009.</subfield>
  </datafield>
  <datafield tag="260" ind1=" " ind2=" ">
    <subfield code="a">M&#xE9;xico :</subfield>
    <subfield code="b">Alfaguara,</subfield>
    <subfield code="c">2006.</subfield>
    <subfield code="b"> </subfield>
  </datafield>
  <datafield tag="300" ind1=" " ind2=" ">
    <subfield code="a">89, [2] p. :</subfield>
    <subfield code="b"> il. fots. ; </subfield>
    <subfield code="c">24 cm.</subfield>
  </datafield>
  <datafield tag="500" ind1=" " ind2=" ">
    <subfield code="a">Incluye datos biogr&#xE1;ficos del autor en la solapa de la cubierta</subfield>
  </datafield>
  <datafield tag="505" ind1="0" ind2=" ">
    <subfield code="a"> Un mundo de paciencia y asco. Con los j&#xF3;venes. La raz&#xF3;n de la inocencia. La infancia falseada. American way of death. La hipocres&#xED;a. Canci&#xF3;n basura. Sexo y amor. La juventud perdurable. El continente joven. El secreto de la salvaci&#xF3;n.</subfield>
  </datafield>
  <datafield tag="590" ind1=" " ind2=" ">
    <subfield code="a">Inventariado, 2023/VM</subfield>
  </datafield>
  <datafield tag="600" ind1="0" ind2="0">
    <subfield code="a"> </subfield>
    <subfield code="x"> </subfield>
  </datafield>
  <datafield tag="650" ind1=" " ind2="4">
    <subfield code="a">Juventud</subfield>
    <subfield code="x">Aspectos sociales. </subfield>
  </datafield>
  <datafield tag="650" ind1=" " ind2="4">
    <subfield code="a">Juventud</subfield>
    <subfield code="v">Poes&#xED;as</subfield>
  </datafield>
  <datafield tag="650" ind1=" " ind2="4">
    <subfield code="a">Juventud</subfield>
    <subfield code="v">Ensayos, conferencias, etc.</subfield>
  </datafield>
  <datafield tag="700" ind1="1" ind2=" ">
    <subfield code="a">Towell, Larry</subfield>
    <subfield code="e">fot.</subfield>
  </datafield>
  <datafield tag="910" ind1=" " ind2=" ">
    <subfield code="a">YLOCKWARD/ VMateo V. Control de calidad (BPMSU)</subfield>
  </datafield>
  <datafield tag="942" ind1=" " ind2=" ">
    <subfield code="2">ddc</subfield>
    <subfield code="c">BK</subfield>
  </datafield>
  <datafield tag="952" ind1=" " ind2=" ">
    <subfield code="0">0</subfield>
    <subfield code="1">0</subfield>
    <subfield code="2">ddc</subfield>
    <subfield code="4">0</subfield>
    <subfield code="7">0</subfield>
    <subfield code="8">CJ-G</subfield>
    <subfield code="a">BPMET</subfield>
    <subfield code="b">BPMET</subfield>
    <subfield code="d">2016-09-16</subfield>
    <subfield code="e">ALFAGUARA</subfield>
    <subfield code="o">BPMSU CG 305.23  B462m 2006</subfield>
    <subfield code="p">BPMSU16090360</subfield>
    <subfield code="r">2016-09-16</subfield>
    <subfield code="w">2016-09-16</subfield>
    <subfield code="y">BK</subfield>
  </datafield>
  <datafield tag="952" ind1=" " ind2=" ">
    <subfield code="0">0</subfield>
    <subfield code="1">0</subfield>
    <subfield code="2">ddc</subfield>
    <subfield code="4">0</subfield>
    <subfield code="7">0</subfield>
    <subfield code="8">CJ-G</subfield>
    <subfield code="a">BPMET</subfield>
    <subfield code="b">BPMET</subfield>
    <subfield code="d">2016-09-16</subfield>
    <subfield code="e">ALFAGUARA</subfield>
    <subfield code="o">BPMSU CG 305.23 B462m 2006</subfield>
    <subfield code="p">BPMSU16090361</subfield>
    <subfield code="r">2016-09-16</subfield>
    <subfield code="t">e.2</subfield>
    <subfield code="w">2016-09-16</subfield>
    <subfield code="y">BK</subfield>
  </datafield>
  <datafield tag="952" ind1=" " ind2=" ">
    <subfield code="0">0</subfield>
    <subfield code="1">0</subfield>
    <subfield code="2">ddc</subfield>
    <subfield code="4">0</subfield>
    <subfield code="7">0</subfield>
    <subfield code="8">CJ-G</subfield>
    <subfield code="a">BPMET</subfield>
    <subfield code="b">BPMET</subfield>
    <subfield code="d">2016-09-16</subfield>
    <subfield code="e">ALFAGUARA</subfield>
    <subfield code="o">BPMSU CG 305.23 B462m 2006</subfield>
    <subfield code="p">BPMSU16090362</subfield>
    <subfield code="r">2016-09-16</subfield>
    <subfield code="t">e.3</subfield>
    <subfield code="w">2016-09-16</subfield>
    <subfield code="y">BK</subfield>
  </datafield>
  <datafield tag="999" ind1=" " ind2=" ">
    <subfield code="c">11419</subfield>
    <subfield code="d">11419</subfield>
  </datafield>
</record>
